Statistiques concernant Culture Générale - Série 2214

Cliquez ici pour prendre le quiz!

Statistiques générales

  • Ce quiz a été pris 105 fois
  • Le résultat moyen est 7 sur 10

Statistiques - réponses

QuestionRéponse% Correct
Quelle est la 1ère femme à avoir reçu un prix Nobel ? prénom et nom - voir photoMarie Curie
99%
Quel était le prénom de l'aviateur auteur du "Petit Prince" ?Antoine
92%
Quelle super centenaire française est décédée le 4 août 1997 à l'âge de 122 ans ? prénom et nomJeanne Calment
91%
Dans quelle ville est morte Jeanne d'Arc sur le bûcher en 1431 ?Rouen
82%
Comment s'appelle le plus vieux pont de Paris qui enjambe la Seine ?Pont Neuf
69%
De quel pays Accra est-elle la capitale ?Ghana
66%
Combien d'années a duré la guerre de 100 ans ?116
65%
En 1528, quelle ancienne forteresse, actuellement musée,devint la résidence du roi François 1er ?Louvre
62%
Qui est co-créateur et dessinateur d’Astérix ? prénom et nomAlbert Uderzo
53%
De quel pays Asmara est-elle la capitale ?Érythrée
49%

Distribution des résultats

Percentile par nombre de réponses

% des personnes avec chaque résultat

Votre développement - résultats

Vous n’avez pas pris ce quiz